| 000 | 00690cam a2200193 a 4500 | ||
|---|---|---|---|
| 020 | _a0306761548 : | ||
| 082 | 0 | 0 |
_a973 _bAMB |
| 100 | 1 |
_aAmberg, George, _950657 |
|
| 245 | 1 | 0 |
_aBallet in America : _bthe emergence of an American art / _cby George Amberg. |
| 260 |
_aNew York : _bDa Capo Press, _c1983, c1949. |
||
| 300 |
_axx, 244 p., [56] p. of plates : _bill. ; _c24 cm. |
||
| 500 | _aIncludes index. | ||
| 500 | _aReprint. Originally published: New York : Duell, Sloan and Pearce, 1949. | ||
| 526 |
_a0 _b0 _c0 _d973_000000000000000_AMB |
||
| 650 | 0 |
_aBallet _zUnited States _xHistory. _950658 |
|
| 650 | 0 |
_aDance _zUnited States _xHistory. _950659 |
|
| 650 | 0 |
_aMCE _9379 |
|
| 942 |
_2ddc _cBK |
||
| 999 |
_c553480 _d553480 |
||